Prediction of salinity and ion concentrations in saturation paste using 1:1 soil: water extracts in lacustrine soils of Egypt (Record no. 44315)
[ view plain ]
| 000 -LEADER | |
|---|---|
| fixed length control field | 01973cab a2200289Ia 45 0 |
| 001 - CONTROL NUMBER | |
| control field | u189611 |
| 003 - CONTROL NUMBER IDENTIFIER | |
| control field | SIRSI |
| 008 - FIXED-LENGTH DATA ELEMENTS--GENERAL INFORMATION | |
| fixed length control field | 110216s2010 ua ss b eng d |
| 040 ## - CATALOGING SOURCE | |
| Original cataloging agency | EAL |
| 041 ## - LANGUAGE CODE | |
| Language code of text/sound track or separate title | eng |
| Language code of summary or abstract | ara |
| 090 ## - LOCALLY ASSIGNED LC-TYPE CALL NUMBER (OCLC); LOCAL CALL NUMBER (RLIN) | |
| Classification number (OCLC) (R) ; Classification number, CALL (RLIN) (NR) | ART MJAR V35 No6 15 |
| 100 1# - MAIN ENTRY--PERSONAL NAME | |
| Personal name | Fayed, R. I. |
| 240 10 - UNIFORM TITLE | |
| Uniform title | Minufiya journal of agricultural research, 2010 v. 35 (6) |
| Medium | [electronic resource]. |
| 245 10 - TITLE STATEMENT | |
| Title | Prediction of salinity and ion concentrations in saturation paste using 1:1 soil: water extracts in lacustrine soils of Egypt |
| Medium | [electronic resource]. |
| 246 15 - VARYING FORM OF TITLE | |
| Title proper/short title | التنبؤ بملوحة التربة وتركيز الأيونات فى عجينة الأرض المشبعة مستخدما مستخلص 1:1 تربة :ماء فى الأراضى البحيرية بمصر. |
| 300 ## - PHYSICAL DESCRIPTION | |
| Extent | p.2229-2243. |
| 504 ## - BIBLIOGRAPHY, ETC. NOTE | |
| Bibliography, etc. note | Includes references. |
| 520 ## - SUMMARY, ETC. | |
| Summary, etc. | Saturated paste (SP) and 1:1 soil: water extractions are commonly used to assess soil salinity and ion concentrations in laboratory. Despite, the differences In results between the two methods, many soil salinity samples are analyzed using a 1:1 extract because of simple, rapid, low-cost and well handing procedure for screening problems of soil salinity in different sites. The aims of the present study are to predict the electrical conductivity (EC) and Na⁺², Ca²⁺ ,Mg²⁺ and CΓ concentrations for the soil saturation paste extract by means of 1:1 soil: water extract data using simple regression equations. This study examined these relationships using 180 samples from agricultural soils developed from lacustrine deposits at El-Bosaily Village south of Idko Lake. |
| 546 ## - LANGUAGE NOTE | |
| Language note | Summary in Arabic. |
| 596 ## - | |
| -- | 1 |
| 650 #0 - SUBJECT ADDED ENTRY--TOPICAL TERM | |
| Topical term or geographic name entry element | Soils, Salts in. |
| 650 #3 - SUBJECT ADDED ENTRY--TOPICAL TERM | |
| Topical term or geographic name entry element | lacustrine soils. |
| 700 1# - ADDED ENTRY--PERSONAL NAME | |
| Personal name | Rateb, K. A. |
| 700 1# - ADDED ENTRY--PERSONAL NAME | |
| Personal name | El-Kouny, H. M. |
| 773 0# - HOST ITEM ENTRY | |
| Title | Minufiya Journal of Agricultural Research. |
| Related parts | 2010. v.35(6) |
| International Standard Serial Number | 1110-0265 |
| Control subfield | nnas |
| Record control number | u158151 |
| 856 40 - ELECTRONIC LOCATION AND ACCESS | |
| Uniform Resource Identifier | <a href="http://nile.enal.sci.eg/EALE/2010/MJAR/3510/6/2229.pdf">http://nile.enal.sci.eg/EALE/2010/MJAR/3510/6/2229.pdf</a> |
| Public note | Full Text Article |
| 942 ## - ADDED ENTRY ELEMENTS (KOHA) | |
| Koha item type | Articles |
| Source of classification or shelving scheme | Library of Congress Classification |
| Withdrawn status | Lost status | Source of classification or shelving scheme | Damaged status | Not for loan | Home library | Current library | Date acquired | Total Checkouts | Full call number | Date last seen | Price effective from | Koha item type |
|---|---|---|---|---|---|---|---|---|---|---|---|---|
| Alphabetical Classification | Main | Main | 01/29/2020 | ART MJAR V35 No6 15 | 01/29/2020 | 01/29/2020 | Articles |